000 00726nam a22001817a 4500
999 _c62563
_d62563
005 20241206172903.0
008 241206s2022 ru ||||| |||| 00| 0 rus d
020 _a9785001950301x
041 _arus
080 _a159.9.01 У-36
100 _aУильямс, Марк
_923903
245 _aОсознанность :
_bКак обрести гармонию в нашем безумном мире /
_cМарк Уильямс, Денни Пенман.
264 _aМосква :
_bМанн, Иванов и Фербер,
_c2022.
300 _a288 стр. :
_bилл.;
_c21 см.
653 _aფსიქოლოგია
700 _aПенман, Денни
_eავტორი
_923904
942 _2udc
_cᲬᲘᲒᲜᲘ